Countries by lowest literacy rate - Statistics

General Stats
  • This quiz has been taken 161 times
  • The average score is 10 of 15
Answer Stats
Hint Answer % Correct
34.5% Chad
92%
28.7% Niger
91%
27.7% Mali
85%
27% South Sudan
77%
39% Ethiopia
75%
41% Guinea
72%
21.8% Burkina Faso
70%
35.1% Sierra Leone
68%
50% The Gambia
68%
42.4% Benin
67%
54.2% Guinea-Bissau
67%
39.3% Senegal
63%
28.1% Afghanistan
59%
52.9% Haiti
45%
47% Bhutan
21%
No matching quizzes found
Score Distribution
Percent of People with Each Score
Percentile by Number Answered
Your Score History
You have not taken this quiz